<?xml version="1.0" encoding="UTF-8"?>
<record
    xmlns:xsi="http://www.w3.org/2001/XMLSchema-instance"
    xsi:schemaLocation="http://www.loc.gov/MARC21/slim http://www.loc.gov/standards/marcxml/schema/MARC21slim.xsd"
    xmlns="http://www.loc.gov/MARC21/slim">

  <leader>01725nam a22002177a 4500</leader>
  <controlfield tag="005">20251107085537.0</controlfield>
  <controlfield tag="008">251107b        |||||||| |||| 00| 0 eng d</controlfield>
  <datafield tag="020" ind1=" " ind2=" ">
    <subfield code="a">9781398539426</subfield>
  </datafield>
  <datafield tag="040" ind1=" " ind2=" ">
    <subfield code="c">AL</subfield>
  </datafield>
  <datafield tag="041" ind1=" " ind2=" ">
    <subfield code="a">eng</subfield>
  </datafield>
  <datafield tag="082" ind1=" " ind2=" ">
    <subfield code="a">823.914</subfield>
    <subfield code="b">SILF</subfield>
  </datafield>
  <datafield tag="100" ind1=" " ind2=" ">
    <subfield code="a">Elsie Silver</subfield>
    <subfield code="9">244481</subfield>
  </datafield>
  <datafield tag="245" ind1=" " ind2=" ">
    <subfield code="a">False start</subfield>
  </datafield>
  <datafield tag="260" ind1=" " ind2=" ">
    <subfield code="a">London</subfield>
    <subfield code="b">Simon and Schuster</subfield>
    <subfield code="c">2024</subfield>
  </datafield>
  <datafield tag="300" ind1=" " ind2=" ">
    <subfield code="a">372p.</subfield>
    <subfield code="b">PB</subfield>
    <subfield code="c">20x13cm</subfield>
  </datafield>
  <datafield tag="365" ind1=" " ind2=" ">
    <subfield code="2">English</subfield>
    <subfield code="a">4241</subfield>
    <subfield code="b">&#x20B9;399.20</subfield>
    <subfield code="c">&#x20B9;</subfield>
    <subfield code="d">&#x20B9;499.00</subfield>
    <subfield code="e">20%</subfield>
  </datafield>
  <datafield tag="520" ind1=" " ind2=" ">
    <subfield code="a">I kissed my best friend&#x2019;s little sister, and the world stood still.
That night we were two perfect strangers, the town&#x2019;s grumpy recluse and a gorgeous girl in the back of a bar. Until we weren&#x2019;t.
Because Nadia Dalca isn&#x2019;t just some girl. She&#x2019;s the girl I can&#x2019;t have. Fourteen years younger than me and completely off-limits.
My plan is to stay away, but the universe keeps pushing us together. It&#x2019;s like some sort of cosmic joke, to give me a taste of something so electric&#x2014;so real&#x2014;something that breathed life back into me.
Because I can look, but I can&#x2019;t touch.
Her sinful curves, her light-hearted laughter, her wild side . . . I&#x2019;m addicted to every last bit of her.
And when she turns those sultry eyes on me&#x2013;&#x2013;the ones so full of longing and so free of judgement? I&#x2019;ve always considered myself a strong man. But when she looks at me I&#x2019;m weak.
To give in to our connection would be a betrayal. My life is beyond complicated, and she has the world at her fingertips. Her brother is the only family she has left, and sad as it sounds, he&#x2019;s also my only friend.
But I kissed her again anyway.
And now I can&#x2019;t stop.</subfield>
  </datafield>
  <datafield tag="650" ind1=" " ind2=" ">
    <subfield code="a">English Fiction</subfield>
    <subfield code="9">244482</subfield>
  </datafield>
  <datafield tag="650" ind1=" " ind2=" ">
    <subfield code="a">English Novel</subfield>
    <subfield code="9">244483</subfield>
  </datafield>
  <datafield tag="942" ind1=" " ind2=" ">
    <subfield code="2">ddc</subfield>
    <subfield code="c">BK</subfield>
  </datafield>
  <datafield tag="999" ind1=" " ind2=" ">
    <subfield code="c">240679</subfield>
    <subfield code="d">240679</subfield>
  </datafield>
  <datafield tag="952" ind1=" " ind2=" ">
    <subfield code="0">0</subfield>
    <subfield code="1">0</subfield>
    <subfield code="2">ddc</subfield>
    <subfield code="4">0</subfield>
    <subfield code="7">0</subfield>
    <subfield code="8">ENG</subfield>
    <subfield code="a">AL</subfield>
    <subfield code="b">AL</subfield>
    <subfield code="c">SK</subfield>
    <subfield code="d">2025-10-30</subfield>
    <subfield code="e">Biblios Book Point, Surathkal, Mangalore-575014</subfield>
    <subfield code="g">399.20</subfield>
    <subfield code="l">3</subfield>
    <subfield code="m">1</subfield>
    <subfield code="o">823.914 SILF</subfield>
    <subfield code="p">077990</subfield>
    <subfield code="r">2026-03-17 10:53:22</subfield>
    <subfield code="s">2026-03-07</subfield>
    <subfield code="v">499.00</subfield>
    <subfield code="w">2025-10-25</subfield>
    <subfield code="y">BK</subfield>
  </datafield>
</record>
